Management Strategies for Endemic and Threatened Medicinal Plants In India- A Geoinformatic Approach/ (Record no. 187650)

MARC details
000 -LEADER
fixed length control field 00620nam a22001817a 4500
005 - DATE AND TIME OF LATEST TRANSACTION
control field 20220427111800.0
010 ## - LCCN (DPL NO)
LC control number ENG-132415
020 ## - INTERNATIONAL STANDARD BOOK NUMBER
International Standard Book Number 9788192392707
Terms of availability 2795.00
035 ## - SYSTEM CONTROL NUMBER
System control number EN-115947
037 ## - SOURCE OF ACQUISITION
Source of stock number/acquisition DBAD/PUB
082 ## - DEWEY DECIMAL CLASSIFICATION NUMBER
Classification number 615.321
100 ## - MAIN ENTRY--PERSONAL NAME
Personal name Sarkar, Manoj Kumar
245 ## - TITLE STATEMENT
Title Management Strategies for Endemic and Threatened Medicinal Plants In India- A Geoinformatic Approach/
Remainder of title Manoj Kumar Sarkar
260 ## - PUBLICATION, DISTRIBUTION, ETC. (IMPRINT)
Place of publication, distribution, etc Chennai
Name of publisher, distributor, etc Department of Environment
Date of publication, distribution, etc 2012
270 ## - ADDRESS
Address Panagal Buildings, No. 1 Jeenis Road
City Chennai
Postal code 600015
300 ## - PHYSICAL DESCRIPTION
Extent 555p.
Dimensions 23cm(pbk)
942 ## - ADDED ENTRY ELEMENTS (KOHA)
Source of classification or shelving scheme Dewey Decimal Classification
Item type English Books
Classification part 615.321
Call number suffix SAR
Holdings
Withdrawn status Lost status Not for loan Collection code Home library Current library Date acquired Source of acquisition Cost, normal purchase price Full call number Barcode Copy number Cost, replacement price Koha item type
      Non-fiction Bawana Bawana 27/04/2022 DBAD/PUB 2795.00 615.321 SAR EN-115947 1 2795.00 English Books

© Delhi Public Library
Hit Counter
free hit counter